000 00955nam a2200253 i 4500
001 183138
003 ES-MaACL
005 20250804011347.0
008 140124s1993 sp |||| | spa d
020 _a84-206-0639-1
080 _a552(035.3)"00"
080 _a549(035.3)"00"
100 1 _aPlinio Segundo, Cayo
_992659
245 1 0 _aLapidario /
_cPlinio el Viejo ; prefacio, traducción y notas de Avelino Domínguez Garcia e Hipólito-Benjamín Riesco.
260 _aMadrid :
_bAlianza Editorial,
_c[1993]
300 _a251 p. ;
_c18 cm.
490 1 _aEl libro de bolsillo ;
_v1639.
_aClásicos
650 4 _aCiencias naturales-
_vObras anteriores a 1800.
_9149050
700 1 _aDomínguez García, Avelino.
_945210
700 1 _aRiesco Álvarez, Hipólito-Benjamín.
_9138644
830 0 3 _aEl libro de bolsillo.
_pClásicos
_v1639.
_9179723
852 _aES-MaACL
_jL-29949
_z.- Donat. Miguel A. Velasco
999 _c183138
_d183138